000
00291nam a22001217a 4500
008
260424b |||||||| |||| 00| 0 eng d
082
_a
001339
100
_a
Oja, Gopesh Kumar
245
_a
Jatakaparijata Vol 1
260
_a
Delhi
_b
Motilal Banarasidass
_c
2015
300
_a
623p
942
_2
ddc
999
_c
1325
_d
1325